000 00659nam a2200193Ii 4500
003 JO-AjNU
008 230605s9999||||xx |||||||||||||| ||und||
040 _aJO-AjNU
_bara
_erda
_cJO-AjNU
041 _aara
050 1 4 _aBP80.A28.S5288
100 3 _aشلبي،محمود,
_eauthor
_924265
245 0 0 _aحياة أمين الأمة أبو عبيدة بن الجراح
264 3 1 _aبيروت:دار الجيل ،د.ت
300 _a479ص
336 _atext
_btxt
_2rdacontent
337 _aunmediated
_bn
_2rdamedia
338 _avolume
_bnc
_2rdacarrier
650 4 _aالصحابة والتابعون-تراجم-ابو عبيدة بن الجراح
_924266
999 _aA8908
_c12476
_d12476